000 00294nam a22001337a 4500
020 _a978-93-80348-39-1
041 _aENG
100 _aSingh .B.P
245 _aAlternate Sources Of Energy
260 _aKanpur
_bBhasker Pub
_c2011
300 _a233
650 _aEOES
856 _uEOES ( 11 )
999 _c1127
_d1127